Охота на Скунса

ग्रंथसूची विवरण
मुख्य लेखक: Милкова Е. Елена
अन्य लेखक: Воскобойников В. М. Валерий Михайлович
भाषा:रूसी
प्रकाशित: Москва, АСТ, 2001
श्रृंखला:Эгида
विषय:
स्वरूप: पुस्तक
KOHA link:https://koha.lib.tpu.ru/cgi-bin/koha/opac-detail.pl?biblionumber=29968

MARC

LEADER 00000nam0a2200000 4500
001 29968
005 20231030203719.0
010 |a 5170092644 
010 |a 5-271-01686-2 
035 |a (RuTPU)RU\TPU\book\30235 
035 |a BOOK00030311 
090 |a 29968 
100 |a 20011209d2001 m y0rusy50 ca 
101 0 |a rus 
102 |a RU 
105 |a y z 000ay 
200 1 |a Охота на Скунса  |f Е. Милкова, В. М. Воскобойников 
210 |a Москва  |c АСТ  |c Астрель  |d 2001 
215 |a 384 с. 
225 1 |a Эгида 
610 1 |a романы 
610 1 |a детективы 
675 |a Р2  |v 3 
700 1 |a Милкова  |b Е.  |g Елена 
701 1 |a Воскобойников  |b В. М.  |g Валерий Михайлович 
801 0 |a RU  |b 63413507  |c 20011209  |g PSBO 
801 2 |a RU  |b 63413507  |c 20060526  |g PSBO 
942 |c BK